Most Streamed Oasis Songs - Statistics

General Stats
  • This quiz has been taken 64 times
  • The average score is 12 of 20
Answer Stats
# Streams Answer % Correct
1 2,428,354,203 Wonderwall
98%
2 1,126,413,388 Don't Look Back in Anger
93%
3 503,777,490 Champagne Supernova
91%
5 357,959,583 Live Forever
79%
7 232,703,496 Supersonic
74%
6 322,668,837 Stand By Me
71%
8 185,730,204 She's Electric
69%
12 112,324,689 Slide Away
69%
18 95,249,252 Rock 'N' Roll Star
62%
17 96,445,074 Roll with It
62%
4 479,118,724 Stop Crying Your Heart Out
62%
19 89,655,072 Cigarettes & Alcohol
60%
9 167,959,267 Half the World Away
52%
16 103,377,513 Morning Glory
52%
14 106,603,375 Little by Little
50%
11 125,875,363 Whatever
50%
13 107,568,745 Married With Children
48%
15 105,941,815 Some Might Say
43%
20 88,441,917 Songbird
26%
10 131,253,144 Don't Go Away
24%
No matching quizzes found
Score Distribution
Percent of People with Each Score
Percentile by Number Answered
Your Score History
You have not taken this quiz